书目信息 |
| 题名: |
水声学
|
|
| 作者: | ;中国物理学会 编 | |
| 分册: | 第一集 | |
| 出版信息: | 北京 科学出版社 1960 |
|
| 页数: | 212页 | |
| 开本: | 20cm | |
| 丛书名: | 物理译丛 | |
| 单 册: | ||
| 中图分类: | O427 | |
| 科图分类: | ||
| 主题词: | 声学 | |
| 电子资源: | ||
| ISBN: | ||
| 000 | 00559nam0 2200205 45 | |
| 001 | 0312221749 | |
| 005 | 20060731151346.70 | |
| 010 | @dCNY1.05 | |
| 100 | @a20031222d1960 km y0chiy0120 ea | |
| 101 | @achi | |
| 200 | 1 | @a水声学@AShui Sheng Xue@h第一集@f中国物理学会编@Fzhong guo wu li xue hui bian |
| 210 | @a北京@c科学出版社@d1960 | |
| 215 | @a212页@d20cm | |
| 225 | 2 | @a物理译丛 |
| 410 | 0 | @12001 @a物理译丛 |
| 606 | 0 | @a声学 |
| 690 | @aO427@v3 | |
| 711 | 0 | @a中国物理学会@Azhong guo wu li xue hui@4编 |
| 801 | @aCN@bTSTCL@c20060731 | |
| 905 | @dO427@e16:1 | |
| 水声学.第一集/中国物理学会编.-北京:科学出版社,1960 |
| 212页;20cm.-(物理译丛) |
| ISBN :CNY1.05 |
| ● |
| 相关链接 |
|
|
|
|
正题名:水声学
索取号:O427/16:1
 
预约/预借
| 序号 | 登录号 | 条形码 | 馆藏地/架位号 | 状态 | 备注 |
| 1 | 0432562 | 204325621 | 密集书库/ [索取号:O427/16:1] | 在馆 | |
| 2 | 0434189 | 204341890 | 密集书库/ [索取号:O427/16:1] | 在馆 |